000 00502nam a2200181Ia 4500
005 20260415160315.0
008 008 250505s9999 xx 000 0 hin d
037 _aReference
040 _aFEDL
_beng
_cFEDL
041 _ahin
_2hin
084 _a491.433 BHA
_qFEDL
100 _aBhargava
245 0 _aAdarsh hindi shabda kosh. Vol 1
260 _aBanaras, India
_bPandit Pritahvi Nath
300 _a626p.
942 _cREF
_h491.433 BHA
999 _c1321510
_d1321510